ბათუმის შოთა რუსთაველის სახელმწიფო უნივერსიტეტის ბიბლიოთეკა

ენა შემკული და... ხელყოფილი (ბიბ.ჩანაწერი № 51210)

000 -LEADER
fixed length control field 00707nam a2200217Ia 4500
001 - CONTROL NUMBER
control field 18169
003 - CONTROL NUMBER IDENTIFIER
control field GE_BSU
008 - FIXED-LENGTH DATA ELEMENTS--GENERAL INFORMATION
fixed length control field 181216s||||||||xx |||||||||||||| ||und||
040 ## - CATALOGING SOURCE
Transcribing agency GE_BSU
080 ## - UNIVERSAL DECIMAL CLASSIFICATION NUMBER
Universal Decimal Classification number 821.353.1-92
100 ## - MAIN ENTRY--PERSONAL NAME
Personal name წიბახაშვილი, გიორგი
245 ## - TITLE STATEMENT
Title ენა შემკული და... ხელყოფილი
245 ## - TITLE STATEMENT
Statement of responsibility, etc. რედ.: გიორგი გოგოლაშვილი
260 ## - PUBLICATION, DISTRIBUTION, ETC.
Place of publication, distribution, etc. თბილისი
260 ## - PUBLICATION, DISTRIBUTION, ETC.
Date of publication, distribution, etc. 2002
300 ## - PHYSICAL DESCRIPTION
Extent 124გვ. ; 19სმ
653 ## - INDEX TERM--UNCONTROLLED
Uncontrolled term ენა შემკული და... ხელყოფილი
653 ## - INDEX TERM--UNCONTROLLED
Uncontrolled term ქართული ენა
942 ## - ADDED ENTRY ELEMENTS (KOHA)
Koha item type წიგნი
ეგზემპლარები
Withdrawn status Lost status Damaged status Not for loan Date acquired Barcode Date last seen Price effective from Koha item type
        2018-12-17 46299 2018-12-17 2018-12-17 წიგნი